Yüklüyor......

Grammar of Kuruntokai With Index

Detaylı Bibliyografya
Yazar: Krishnambal S R
Materyal Türü: Printed Book
Baskı/Yayın Bilgisi: TVM; Kerala University 1974
Konular:
LEADER 00477nam a22001337a 4500
082 |a 410  |b KRI/G L4 
100 |a Krishnambal S R  |9 297647 
245 |a Grammar of Kuruntokai With Index 
260 |a TVM;  |b Kerala University  |c 1974 
300 |a 242p. 
650 |a Language/ Lingustics;   |9 297648 
942 |c BK 
999 |c 61014  |d 61014 
952 |0 0  |1 0  |4 0  |6 410_000000000000000_KRI_G_L4  |7 0  |8 EnglishL  |9 73294  |a MAL  |b MAL  |d 2016-09-19  |e 20849  |g 12.50  |l 0  |o 410 KRI/G L4  |p MAL020849  |r 2016-09-19  |t 1  |w 2016-09-19  |y BK